<?xml version="1.0" encoding="UTF-8"?>
<record
    xmlns:xsi="http://www.w3.org/2001/XMLSchema-instance"
    xsi:schemaLocation="http://www.loc.gov/MARC21/slim http://www.loc.gov/standards/marcxml/schema/MARC21slim.xsd"
    xmlns="http://www.loc.gov/MARC21/slim">

  <leader>03425nam a2200481 a 4500</leader>
  <controlfield tag="003">CHAP</controlfield>
  <controlfield tag="005">20250130092205.0</controlfield>
  <controlfield tag="007">ca ||||||a|c|a</controlfield>
  <controlfield tag="008">110209s2010    mx      r     00010 spa d</controlfield>
  <datafield tag="035" ind1=" " ind2=" ">
    <subfield code="a">112127</subfield>
  </datafield>
  <datafield tag="040" ind1=" " ind2=" ">
    <subfield code="c">CHAP</subfield>
  </datafield>
  <datafield tag="090" ind1=" " ind2=" ">
    <subfield code="a">Tesis</subfield>
  </datafield>
  <datafield tag="100" ind1="1" ind2=" ">
    <subfield code="a">Avila Vargas, Marisol</subfield>
    <subfield code="9">8842</subfield>
  </datafield>
  <datafield tag="245" ind1="1" ind2="0">
    <subfield code="a">Propuesta de zonificaci&#xF3;n y manejo de Recursos Naturales en la subcuenca de la Laguna de Tecocomulco, Estado de Hidalgo</subfield>
    <subfield code="c">/por Marisol Avila Vargas; director de tesis Alejandro Ismael Monterroso Rivas.</subfield>
  </datafield>
  <datafield tag="264" ind1=" " ind2="1">
    <subfield code="a">Chapingo, M&#xE9;x. :</subfield>
    <subfield code="b">El autor,</subfield>
    <subfield code="c">2010.</subfield>
  </datafield>
  <datafield tag="300" ind1=" " ind2=" ">
    <subfield code="a">1 recurso en l&#xED;nea (190 p&#xE1;ginas) :</subfield>
    <subfield code="b">cuadros, figuras.</subfield>
  </datafield>
  <datafield tag="336" ind1=" " ind2=" ">
    <subfield code="2">rdacontent</subfield>
    <subfield code="a">texto</subfield>
    <subfield code="b">txt</subfield>
  </datafield>
  <datafield tag="337" ind1=" " ind2=" ">
    <subfield code="2">rdamedia</subfield>
    <subfield code="a">computadora</subfield>
    <subfield code="b">c</subfield>
  </datafield>
  <datafield tag="338" ind1=" " ind2=" ">
    <subfield code="2">rdacarrier</subfield>
    <subfield code="a">recursos en l&#xED;nea</subfield>
    <subfield code="b">cr</subfield>
  </datafield>
  <datafield tag="502" ind1=" " ind2=" ">
    <subfield code="b">IPMRNR</subfield>
    <subfield code="c">Suelos</subfield>
    <subfield code="d">2010.</subfield>
    <subfield code="g">LIC</subfield>
  </datafield>
  <datafield tag="520" ind1=" " ind2=" ">
    <subfield code="a">La zona de estudio est&#xE1; ubicada al Sureste del Estado de Hidalgo, comprende porciones territoriales de los municipios de Apan, Almoloya, Cuautepec, Singuilucan, Tepeapulco y una peque&#xF1;a superficie del municipio de Chignahuapan, Puebla. Comprende una extensi&#xF3;n de 524 km2. El objetivo general del trabajo fue realizar un inventario y evaluaci&#xF3;n de los recursos naturales presentes en la subcuenca de la Laguna de Tecocomulco, Estado de Hidalgo; con la finalidad de conocer su estado actual y proponer acciones de manejo de acuerdo a las pol&#xED;ticas ambientales. La primera etapa consisti&#xF3; en realizar un inventario tanto de aspectos naturales como socioecon&#xF3;micos. Como resultados de esta primera fase se obtuvieron 47 Unidades de Integraci&#xF3;n Territorial conformados en 8 sistemas terrestres. Posteriormente se realiz&#xF3; un diagn&#xF3;stico del medio a trav&#xE9;s de indicadores para el subsistema natural, como fueron: fragilidad ecol&#xF3;gica y relaci&#xF3;n cobertura natural/cobertura antr&#xF3;pica. Otra etapa importante consisti&#xF3; en el an&#xE1;lisis de la informaci&#xF3;n para proponer una zonificaci&#xF3;n de acuerdo a las pol&#xED;ticas ambientales de protecci&#xF3;n, conservaci&#xF3;n, restauraci&#xF3;n y aprovechamiento sustentable, dando como resultado 47 Unidades de Gesti&#xF3;n Ambiental y para cada una de ellas se propusieron lineamientos, estrategias, acciones e indicadores. Finalmente, se plantearon componentes de manejo con sus respectivas acciones y plazos de ejecuci&#xF3;n. De esta manera se contribuye a la generaci&#xF3;n de informaci&#xF3;n para perfeccionar el manejo de nuestros recursos naturales en la regi&#xF3;n estudiada.</subfield>
  </datafield>
  <datafield tag="590" ind1=" " ind2=" ">
    <subfield code="a">ALEPH</subfield>
    <subfield code="b">10</subfield>
    <subfield code="c">20130110</subfield>
  </datafield>
  <datafield tag="590" ind1=" " ind2=" ">
    <subfield code="a">BATCH-UPD</subfield>
    <subfield code="b">10</subfield>
    <subfield code="c">20130110</subfield>
  </datafield>
  <datafield tag="590" ind1=" " ind2=" ">
    <subfield code="a">BATCH-UPD</subfield>
    <subfield code="b">10</subfield>
    <subfield code="c">20130410</subfield>
  </datafield>
  <datafield tag="590" ind1=" " ind2=" ">
    <subfield code="a">BATCH-UPD</subfield>
    <subfield code="b">10</subfield>
    <subfield code="c">20130914</subfield>
  </datafield>
  <datafield tag="590" ind1=" " ind2=" ">
    <subfield code="a">BATCH-UPD</subfield>
    <subfield code="b">10</subfield>
    <subfield code="c">20140324</subfield>
  </datafield>
  <datafield tag="590" ind1=" " ind2=" ">
    <subfield code="a">BATCH-UPD</subfield>
    <subfield code="b">10</subfield>
    <subfield code="c">20141002</subfield>
  </datafield>
  <datafield tag="590" ind1=" " ind2=" ">
    <subfield code="a">BATCH</subfield>
    <subfield code="b">00</subfield>
    <subfield code="c">20181121</subfield>
  </datafield>
  <datafield tag="590" ind1=" " ind2=" ">
    <subfield code="a">CONVERSION</subfield>
    <subfield code="b">10</subfield>
    <subfield code="c">20130109</subfield>
  </datafield>
  <datafield tag="650" ind1="1" ind2="4">
    <subfield code="a">Cuenca de Tecocomulco, Hgo.</subfield>
    <subfield code="9">30028</subfield>
  </datafield>
  <datafield tag="650" ind1="1" ind2="4">
    <subfield code="a">Evaluaci&#xF3;n.</subfield>
    <subfield code="9">38913</subfield>
  </datafield>
  <datafield tag="650" ind1="1" ind2="4">
    <subfield code="a">Recursos naturales</subfield>
    <subfield code="x">Utilizaci&#xF3;n.</subfield>
    <subfield code="9">95321</subfield>
  </datafield>
  <datafield tag="650" ind1="1" ind2="4">
    <subfield code="a">Recursos naturales</subfield>
    <subfield code="z">Hidalgo.</subfield>
    <subfield code="9">95328</subfield>
  </datafield>
  <datafield tag="650" ind1="1" ind2="4">
    <subfield code="a">Zonificaci&#xF3;n ecol&#xF3;gica.</subfield>
    <subfield code="9">124145</subfield>
  </datafield>
  <datafield tag="700" ind1="1" ind2=" ">
    <subfield code="a">Monterroso Rivas, Alejandro Ismael</subfield>
    <subfield code="9">77837</subfield>
    <subfield code="e">Director de tesis.</subfield>
  </datafield>
  <datafield tag="856" ind1=" " ind2=" ">
    <subfield code="u">http://10.13.5.2/tesis/112127.pdf</subfield>
    <subfield code="z">DESCARGAR PDF</subfield>
  </datafield>
  <datafield tag="901" ind1=" " ind2=" ">
    <subfield code="a">BK</subfield>
  </datafield>
  <datafield tag="942" ind1=" " ind2=" ">
    <subfield code="c">TD</subfield>
    <subfield code="2">Clasificaci&#xF3;n Universidad Aut&#xF3;noma Chapingo</subfield>
  </datafield>
  <datafield tag="949" ind1=" " ind2=" ">
    <subfield code="a">Tesis</subfield>
    <subfield code="b">BC</subfield>
    <subfield code="c">TES</subfield>
    <subfield code="d">33724002226520</subfield>
    <subfield code="e">TS1</subfield>
    <subfield code="g">Donaci&#xD8;n</subfield>
    <subfield code="h">51926</subfield>
    <subfield code="i">112127</subfield>
    <subfield code="s">t</subfield>
  </datafield>
  <datafield tag="949" ind1=" " ind2=" ">
    <subfield code="a">Tesis</subfield>
    <subfield code="b">BC</subfield>
    <subfield code="c">TES</subfield>
    <subfield code="d">33724002226561</subfield>
    <subfield code="e">TS2</subfield>
    <subfield code="f">c.2</subfield>
    <subfield code="g">Donaci&#xD8;n</subfield>
    <subfield code="h">51927</subfield>
    <subfield code="i">112127</subfield>
    <subfield code="s">t</subfield>
  </datafield>
  <datafield tag="999" ind1=" " ind2=" ">
    <subfield code="c">100467</subfield>
    <subfield code="d">100467</subfield>
  </datafield>
  <datafield tag="952" ind1=" " ind2=" ">
    <subfield code="0">0</subfield>
    <subfield code="1">0</subfield>
    <subfield code="2">local</subfield>
    <subfield code="4">0</subfield>
    <subfield code="5">1</subfield>
    <subfield code="7">0</subfield>
    <subfield code="8">TesDigL</subfield>
    <subfield code="a">BD</subfield>
    <subfield code="b">BD</subfield>
    <subfield code="c">E_L</subfield>
    <subfield code="d">2019-12-31</subfield>
    <subfield code="l">0</subfield>
    <subfield code="o">Tesis digital</subfield>
    <subfield code="r">2019-12-31 00:00:00</subfield>
    <subfield code="w">2019-12-31</subfield>
    <subfield code="y">TD</subfield>
  </datafield>
</record>
